000 00465nam a22001817a 4500
005 20180206164748.0
008 160428b xxu||||| |||| 00| 0 eng d
020 _a978-81317-1536-9
041 _aeng
082 _b00718
_a004.6
100 _aStallings, william
_94117
245 _aData and Computer Communications
250 _a8th ed.
260 _aNew Delhi
_bPearson Education,
_c2008
300 _a834
650 _aInformation Technology
_9137
942 _cBK
999 _c208
_d208